000 00559nam a2200169Ia 4500
008 090201s9999 xx 000 0 und d
010 _aKPL-15381
040 _bमराठी
041 _aमराठी
082 _a37120
_b15381
100 _aन. चि. केळकर
245 _aवृत्तपत्र - मीमांसा
_cन. चि. केळकर
260 _c2004
_bनीलकंठ प्रकाशन
300 _a159
_bमोठा
600 _aवृत्तपत्र - मीमांसा
942 _cBOOK
999 _c234963
_d234963